| 000 | 00456nam a22001577a 4500 | ||
|---|---|---|---|
| 003 | macl | ||
| 005 | 20190127125742.0 | ||
| 008 | 190127b xxu||||| |||| 00| 0 eng d | ||
| 040 | _cmacl | ||
| 082 | _a891.433/N/SHA | ||
| 100 |
_aसाहनी ,भीष्म _94838 |
||
| 245 | _aतमस | ||
| 260 |
_aदिल्ली _bराजकमल प्रकाशन _c2013 |
||
| 650 |
_aउपन्यास _973711 |
||
| 942 |
_2ddc _cHIN |
||
| 999 |
_c58932 _d58932 |
||